Compendio estadísticas regionales
Uloženo v:
| Korporativní autor: | |
|---|---|
| Médium: | Kniha |
| Jazyk: | španělština |
| Vydáno: |
Santiago
Mideplan
1998
|
| Edice: | Documentos Regionales, 44
|
| Témata: | |
| Tagy: |
Přidat tag
Žádné tagy, Buďte první, kdo vytvoří štítek k tomuto záznamu!
|
MARC
| LEADER | 00000nam a2200000 a 4500 | ||
|---|---|---|---|
| 001 | UCP3174 | ||
| 003 | CL-VaPUC | ||
| 008 | 990611e19980000CL |||||||||||||||||spa|d | ||
| 082 | 0 | 4 | |a 318.83 |b MID |2 21 |
| 110 | 2 | |a MIDEPLAN |e author |9 430367 | |
| 245 | 1 | 0 | |a Compendio estadísticas regionales |
| 300 | |a 181 p | ||
| 942 | |c BK | ||
| 945 | |d 19990611 00:00:00 |a vberengu | ||
| 260 | |a Santiago |b Mideplan |c 1998 | ||
| 650 | 7 | |a ESTADISTICAS SOCIALES |2 CL-VaPUC |9 430368 | |
| 650 | 0 | |a Salud |9 258663 | |
| 650 | 0 | |a Educación |9 258661 | |
| 650 | 0 | |a Viviendas |9 255326 | |
| 650 | 7 | |a SILVICULTURA |2 CL-VaPUC |9 264178 | |
| 650 | 0 | |a Pesca |9 258707 | |
| 650 | 7 | |a INDUSTRIA |2 CL-VaPUC |9 315110 | |
| 583 | |a last modification |c 19990611 00:00:00 |k Rodrigo Vera | ||
| 490 | 0 | |a Documentos Regionales, 44 | |
| 999 | |c 281596 |d 281594 | ||
| 952 | |0 0 |1 0 |4 0 |6 318_830000000000000_MID_1998 |7 0 |8 A |9 322455 |a BIBGIM |b BIBGIM |d 2019-11-20 |i 3522733 |o 318.83 MID 1998 |p 3522733 |r 2025-01-15 |w 2019-11-20 |y BK |k GIM | ||
| 952 | |0 0 |1 0 |4 0 |6 318_830000000000000_MID_1998 |7 0 |8 A |9 322456 |a BIBGIM |b BIBGIM |d 2019-11-20 |i 3522741 |o 318.83 MID 1998 |p 3522741 |r 2025-01-15 |w 2019-11-20 |y BK |k GIM | ||